UM Logo
Normal view MARC view
  • Committee on Physical Activity and Physical Education in the School Environment, Food and Nutrition Board, and Institute of Medicine

Entry Corporate Name

Number of records used in: 2

001 - CONTROL NUMBER

  • control field: 38170

003 - CONTROL NUMBER IDENTIFIER

  • control field: OSt

005 - DATE AND TIME OF LATEST TRANSACTION

  • control field: 20190403110157.0

008 - FIXED-LENGTH DATA ELEMENTS

  • fixed length control field: 190403|| aca||aabn | a|a d

040 ## - CATALOGING SOURCE

  • Original cataloging agency: OSt
  • Transcribing agency: OSt

110 ## - HEADING--CORPORATE NAME

  • Corporate name or jurisdiction name as entry element: Committee on Physical Activity and Physical Education in the School Environment, Food and Nutrition Board, and Institute of Medicine

670 ## - SOURCE DATA FOUND

  • Source citation: Work cat.: (OSt): Kohl, Harold W.editor 38169, Educating the student body :, ©2013.